书目信息 |
| 题名: |
平面设计艺术学
|
|
| 作者: | 戴光华, 著 | |
| 分册: | ||
| 出版信息: | 北京 中国文史出版社 2012.04 |
|
| 页数: | 292页 | |
| 开本: | 24cm | |
| 丛书名: | ||
| 单 册: | ||
| 中图分类: | J511 | |
| 科图分类: | ||
| 主题词: | 平面设计--ping mian she ji | |
| 电子资源: | ||
| ISBN: | 978-7-5034-2989-7 | |
| 000 | 00898nam0 2200253 450 | |
| 001 | 339345 | |
| 005 | 20150608145809.03 | |
| 010 | @a978-7-5034-2989-7@dCNY56.00 | |
| 100 | @a20120514d2012 em y0chiy50 ea | |
| 101 | 0 | @achi |
| 102 | @aCN@b110000 | |
| 105 | @aa a 000yy | |
| 106 | @ar | |
| 200 | 1 | @a平面设计艺术学@Aping mian she ji yi shu xue@e造型艺术与形式探究@f戴光华著 |
| 210 | @a北京@c中国文史出版社@d2012.04 | |
| 215 | @a292页@c图@d24cm | |
| 320 | @a有书目 (第292页) | |
| 330 | @a本书以平面设计造型艺术及表现形式为切入点, 遵循基本的美学规律, 以独特的视角来诠释其内涵, 以平面设计为载体, 全面地扫描与归纳平面设计造型艺术的形式美规律。 | |
| 517 | 1 | @a造型艺术与形式探究@Azao xing yi shu yu xing shi tan jiu |
| 606 | 0 | @a平面设计@Aping mian she ji |
| 690 | @aJ511@v5 | |
| 701 | 0 | @a戴光华,@Adai guang hua@f1952-@4著 |
| 801 | 0 | @aCN@b卓展宏图@c20150525 |
| 905 | @dJ511@e388@f4 | |
| 平面设计艺术学:造型艺术与形式探究/戴光华著.-北京:中国文史出版社,2012.04 |
| 292页:图;24cm |
| ISBN 978-7-5034-2989-7:CNY56.00 |
| 本书以平面设计造型艺术及表现形式为切入点, 遵循基本的美学规律, 以独特的视角来诠释其内涵, 以平面设计为载体, 全面地扫描与归纳平面设计造型艺术的形式美规律。 |
| ● |
| 相关链接 |
|
|
|
|
正题名:平面设计艺术学
索取号:J511/388
 
预约/预借
| 序号 | 登录号 | 条形码 | 馆藏地/架位号 | 状态 | 备注 |
| 1 | 857837 | 208578378 | 第一样本阅览室/ [索取号:J511/388] | 在馆 | |
| 2 | 857838 | 208578387 | 第一借阅区/ [索取号:J511/388] | 在馆 | |
| 3 | 857839 | 208578396 | 第一借阅区/ [索取号:J511/388] | 在馆 | |
| 4 | 857840 | 208578403 | 第一借阅区/ [索取号:J511/388] | 在馆 |